Drapeaux des départements français n°2 (Métropole + DROM COM) - Statistiques

Statistiques générales
  • Ce quiz a été pris 63 fois
  • Le résultat moyen est 6 sur 18
Statistiques - réponses
Par images Réponse % Correct
Haute-Savoie
72%
Martinique
69%
Polynésie française
67%
Pyrénées-Orientales
59%
Loire-Atlantique
41%
Seine-Maritime
36%
Moselle
33%
Drôme
31%
Landes
28%
Yvelines
26%
Charente-Maritime
23%
Côte-d'Armor
23%
Loire
23%
Somme
23%
Creuse
21%
Hautes-Alpes
21%
Corrèze
15%
Cher
13%
Aucun quiz correspondant
Distribution des résultats
% des personnes avec chaque résultat
Percentile par nombre de réponses
Votre historique - résultats
Vous n’avez pas pris ce quiz